000
00322nam a2200133Ia 4500
005
20251222154354.0
008
251222s9999||||xx |||||||||||||| ||spa||
020
_a
8484472450
082
_a
REF.909/R92/V.VI
245
0
_a
Historia Universal:
250
_a
1ra. ed.
264
_b
Santillan Educación, S.L.
942
_c
LIB
999
_c
35007
_d
35007